000 00578nam a2200205 a 4500
001 BRCA_5695
005 20190320205202.0
008 020311s1895----nyua######---#000-0#ger-#
041 _ager
044 _anyu
050 4 _aPF3111
_b.B47 1895
100 1 _aBerlitz, M. D.
_d1852-1921
_qMaximilian Delphinus
_914468
245 1 0 _aMethode Berlitz
_bunterricht in den neueren sprachen
_cM. D. Berlitz.
260 _aNueva York
_bBerlitz
_c1895
300 _a110 p.
_bil.
_c20 cm.
500 _aH18
650 1 4 _aLenguaje español
_xEspañol
_914469
902 _aGFM
942 _2lcc
_cB
999 _c5388
_d5388